000
00254nam a2200109Ia 4500
008
190912s9999||||xx |||||||||||||| ||und||
100
_a
W. Karnowski
245
0
_a
Roshen Ali Bhimjee
260
_a
Lahore
_b
Prentice Hall
_c
2001
300
_a
359
942
_c
BK
999
_c
7723
_d
7723